Pokémon - Génération I dans l'ordre du Pokédex National - Statistiques

Statistiques générales
  • Ce quiz a été pris 59 fois
  • Le résultat moyen est 106 sur 151
Statistiques - réponses
Numéro Pokémon % Correct
1 Bulbizarre
100%
3 Florizarre
100%
2 Herbizarre
100%
8 Carabaffe
96%
7 Carapuce
96%
6 Dracaufeu
96%
5 Reptincel
96%
4 Salamèche
96%
9 Tortank
96%
13 Aspicot
93%
10 Chenipan
93%
11 Chrysacier
93%
14 Coconfort
93%
12 Papilusion
93%
15 Dardargnan
89%
38 Feunard
89%
37 Goupix
89%
40 Grodoudou
89%
36 Melodelfe
89%
35 Melofee
89%
34 Nidoking
89%
31 Nidoqueen
89%
29 Nidoran
89%
32 Nidoran
89%
30 Nidorina
89%
33 Nidorino
89%
21 Piafabec
89%
25 Pikachu
89%
26 Raichu
89%
22 Rapasdepic
89%
19 Rattata
89%
20 Rattatac
89%
39 Rondoudou
89%
18 Roucarnage
89%
16 Roucool
89%
17 Roucoups
89%
27 Sabelette
89%
28 Sablaireau
89%
23 Abo
86%
24 Arbok
86%
151 Mew
86%
150 Mewtwo
86%
43 Mystherbe
86%
42 Nosferalto
86%
41 Nosferapti
86%
44 Ortide
86%
45 Rafflesia
86%
144 Artikodin
79%
148 Draco
79%
149 Dracolosse
79%
145 Electhor
79%
52 Miaouss
79%
147 Minidraco
79%
46 Paras
79%
53 Persian
79%
146 Sulfura
79%
49 Aeromite
75%
55 Akwakwak
75%
48 Mimitoss
75%
47 Parasect
75%
54 Psykokwak
75%
63 Abra
71%
65 Alakazam
71%
64 Kadabra
71%
66 Machoc
71%
67 Machopeur
71%
68 Mackogneur
71%
143 Ronflex
71%
139 Amonistar
68%
138 Amonita
68%
59 Arcanin
68%
70 Boustiflor
68%
58 Caninos
68%
69 Chetiflor
68%
71 Empiflor
68%
142 Ptera
68%
60 Ptitard
68%
62 Tartard
68%
50 Taupiqueur
68%
61 Tetarte
68%
51 Triopikeur
68%
134 Aquali
64%
57 Colossinge
64%
85 Dodrio
64%
84 Doduo
64%
101 Electrode
64%
133 Evoli
64%
56 Ferosinge
64%
80 Flagadoss
64%
75 Gravalanch
64%
76 Grolem
64%
140 Kabuto
64%
141 Kabutops
64%
137 Porygon
64%
136 Pyroli
64%
74 Racaillou
64%
79 Ramoloss
64%
135 Voltali
64%
100 Voltorbe
64%
83 Canarticho
61%
78 Galopa
61%
131 Lokhlass
61%
81 Magneti
61%
82 Magneton
61%
132 Metamorph
61%
77 Ponyta
61%
94 Ectoplasma
57%
125 Elektek
57%
92 Fantominus
57%
130 Leviator
57%
124 Lippoutou
57%
129 Magicarpe
57%
126 Magmar
57%
127 Scarabrute
57%
93 Spectrum
57%
128 Tauros
57%
72 Tentacool
57%
73 Tentacruel
57%
123 Insecateur
54%
87 Lamantine
54%
86 Otaria
54%
120 Stari
54%
121 Staross
54%
89 Grotadmorv
50%
97 Hypnomade
50%
115 Kangourex
50%
99 Krabboss
50%
98 Krabby
50%
113 Leveinard
50%
114 Saquedeneu
50%
109 Smogo
50%
110 Smogogo
50%
96 Soporifik
50%
88 Tadmorv
50%
117 Hypocean
46%
116 Hypotrempe
46%
106 Kicklee
46%
122 M.Mime
46%
95 Onix
46%
118 Poissirene
46%
119 Poissoroy
46%
111 Rhinocorne
46%
112 Rhinoferos
46%
107 Tygnon
46%
91 Crustabri
43%
108 Excelangue
43%
90 Kokiyas
43%
103 Noadkoko
43%
102 Noeunoeuf
43%
105 Ossatueur
43%
104 Osselait
43%
Aucun quiz correspondant
Distribution des résultats
% des personnes avec chaque résultat
Percentile par nombre de réponses
Votre historique - résultats
Vous n’avez pas pris ce quiz